000 00487nmm a2200157Ia 4500
008 251105s9999||||xx |||||||||||||||||und||
041 _aspa
100 _aValero, Daniel (Tigrillo)
245 0 _aEl niño que no fui :
_b Infancia, adolescencia y adultez LGTB
264 _a[Madrid, España] :
_bEditorial Egales,
_c2022
300 _a260 páginas
490 _aEnsayo
650 _aSocial Sciences (General)
856 _uhttps://public.digitaliapublishing.com/a/135806
942 _cCF
999 _c99237
_d99237